00266nam a2200109Ia 4500008004100000100001400041245004100055260002200096260000900118546001200127999001700139170619s9999 xx 000 0 und d aMahajan M 0aIndustrial Engg. And Prod. Manegment bDhanpat Rai Pub. c2004 aENGLISH c16989d16989